[Event "Rhein Main op-A 25th"]
[Site "Bad Homburg"]
[Date "2023.06.10"]
[Round "5"]
[White "Harringer, Manfred"]
[Black "Chandler, Patrick"]
[Result "1/2-1/2"]
[WhiteElo "2005"]
[BlackElo "2106"]
[PlyCount "88"]
[EventDate "2023.06.07"]
[EventType "swiss"]
[EventRounds "7"]
[EventCountry "GER"]
[SourceTitle "CBM 215 Extra"]
[Source "ChessBase"]
[SourceDate "2023.09.30"]
[SourceVersion "1"]
[SourceVersionDate "2023.09.30"]
[SourceQuality "1"]

1. e4 c5 2. Nf3 Nc6 3. Bb5 Nf6 4. e5 Nd5 5. 0-0 Nc7 6. Bc4 e6 7. Re1 d6 8. exd6 Bxd6 9. Nc3 0-0 10. a4 a6 11. d3 h6 12. Be3 e5 13. Ne4 b6 14. Nfd2 Be6 15. Qh5 Re8 16. Bxh6 g6 17. Qg5 Be7 18. Qg3 Bh4 19. Bg5 Bxg3 20. Bxd8 Bxh2+ 21. Kxh2 Rexd8 22. Ng5 Bd5 23. Bxd5 Nxd5 24. Nc4 f6 25. Ne4 Kg7 26. Rad1 Rh8+ 27. Kg1 Rh7 28. c3 Rah8 29. g3 Rh1+ 30. Kg2 R1h2+ 31. Kf3 f5 32. Ned2 Kf6 33. Nf1 R2h7 34. Nfe3 Nxe3 35. Nxe3 Rd8 36. Ke2 Rhd7 37. Rh1 b5 38. Rh4 Ne7 39. axb5 axb5 40. b4 cxb4 41. Rxb4 Rb8 42. Ra1 Rd6 43. Rab1 Rbd8 44. Rd1 Rb8 1/2-1/2

[Event "Baden Baden op"]
[Site "Baden-Baden"]
[Date "2023.02.18"]
[Round "2"]
[White "Chandler, Patrick"]
[Black "Schlosser, Philipp"]
[Result "0-1"]
[WhiteElo "2141"]
[BlackElo "2493"]
[PlyCount "106"]
[EventDate "2023.02.17"]
[EventType "swiss"]
[EventRounds "9"]
[EventCountry "GER"]
[SourceTitle "CBM 212 Extra"]
[Source "ChessBase"]
[SourceDate "2023.03.31"]
[SourceVersion "1"]
[SourceVersionDate "2023.03.31"]
[SourceQuality "1"]

1. Nf3 c5 2. e4 Nc6 3. b3 g6 4. Bb2 Nf6 5. e5 Nd5 6. g3 Bg7 7. Bg2 d6 8. 0-0 dxe5 9. Re1 f6 10. c3 f5 11. d3 0-0 12. Nbd2 Nb6 13. Qc2 Be6 14. Rad1 h6 15. a3 Qc7 16. Qb1 Rad8 17. c4 Nd7 18. Qa1 Bf7 19. Bc3 a5 20. Nb1 Rfe8 21. Nfd2 Nd4 22. Qb2 g5 23. b4 b6 24. Nb3 a4 25. Bxd4 exd4 26. Nc1 Ne5 27. Nd2 Bh5 28. f3 Rb8 29. b5 Qa7 30. Qc2 Qa5 31. Na2 e6 32. Rf1 Bf7 33. Rde1 Bf6 34. Rf2 Kg7 35. Rfe2 Ng6 36. Nf1 h5 37. Qc1 Qa7 38. Qd1 Re7 39. Rf2 h4 40. Nc1 Rh8 41. Nd2 Qb8 42. Ne2 Ra7 43. Bf1 Rh6 44. g4 Be5 45. Bh3 Kf6 46. Rg2 Nf4 47. Nxf4 Bxf4 48. Nf1 Rh8 49. Kh1 Qa8 50. Qe2 Re8 51. Qf2 Rae7 52. Re2 Bg6 53. Kg1 Qa5 0-1

[Event "Oberliga Ost-B 2122"]
[Site "Germany"]
[Date "2022.07.03"]
[Round "7.6"]
[White "Chandler, Patrick"]
[Black "Helmsdorf, Marius"]
[Result "0-1"]
[WhiteElo "2151"]
[BlackElo "1616"]
[PlyCount "112"]
[EventDate "2021.10.10"]
[EventType "team-tourn"]
[EventRounds "11"]
[EventCountry "GER"]
[SourceTitle "EXT 2023"]
[Source "ChessBase"]
[SourceDate "2022.10.05"]
[SourceVersion "1"]
[SourceVersionDate "2022.10.05"]
[SourceQuality "1"]
[WhiteTeam "Oberursel"]
[BlackTeam "Gera"]
[WhiteTeamCountry "GER"]
[BlackTeamCountry "GER"]

1. Nf3 d5 2. b4 e6 3. Bb2 Nf6 4. a3 b6 5. b5 c5 6. bxc6 Ba6 7. d3 Nxc6 8. Nbd2 Bd6 9. e3 0-0 10. Be2 e5 11. d4 Bxe2 12. Qxe2 e4 13. Ne5 Bxe5 14. dxe5 Nd7 15. Qh5 g6 16. Qh6 Ncxe5 17. f4 exf3 18. gxf3 f6 19. 0-0 Qe7 20. Bd4 Rac8 21. c3 Nc5 22. a4 Ne6 23. e4 Nxd4 24. cxd4 Nc4 25. Rfe1 Qb4 26. Nf1 Rce8 27. Ne3 dxe4 28. fxe4 Rxe4 29. Nc2 Rxe1+ 30. Rxe1 Qd2 31. Qxd2 Nxd2 32. Re7 Rf7 33. Re8+ Rf8 34. Re7 Rf7 35. Re8+ Kg7 36. Kf2 f5 37. Ke2 Ne4 38. Kd3 Rc7 39. Ne1 Rc3+ 40. Ke2 Rc7 41. Nf3 Nc3+ 42. Kd3 Nxa4 43. Ne5 Nb2+ 44. Ke2 Nc4 45. Nd3 Kf7 46. Ra8 Re7+ 47. Kf2 Ke6 48. Nf4+ Kd6 49. Rc8 b5 50. Rd8+ Kc7 51. Rd5 Kb6 52. Rc5 Re4 53. Nd5+ Ka5 54. Nc3 Rf4+ 55. Ke2 a6 56. Rd5 Rh4 0-1

[Event "Rhein Main op-A 24th"]
[Site "Bad Homburg"]
[Date "2022.06.19"]
[Round "7"]
[White "Schmid, Roland1111"]
[Black "Chandler, Patrick"]
[Result "1/2-1/2"]
[WhiteElo "2265"]
[BlackElo "2157"]
[PlyCount "80"]
[EventDate "2022.06.15"]
[EventType "swiss"]
[EventRounds "7"]
[EventCountry "GER"]
[SourceTitle "EXT 2023"]
[Source "ChessBase"]
[SourceDate "2022.10.05"]
[SourceVersion "1"]
[SourceVersionDate "2022.10.05"]
[SourceQuality "1"]

1. c4 e5 2. Nc3 Nc6 3. e3 g6 4. Nf3 Bg7 5. d4 d6 6. b4 Bg4 7. b5 Nce7 8. Be2 exd4 9. exd4 Nf6 10. h3 Bd7 11. 0-0 0-0 12. Bb2 Re8 13. Qb3 Nf5 14. Bd3 h6 15. c5 Be6 16. Qc2 d5 17. g4 Ne7 18. Ne5 Nd7 19. f4 f5 20. Qg2 Nxe5 21. fxe5 fxg4 22. hxg4 c6 23. Ne2 g5 24. Bf5 Qd7 25. Ng3 Rf8 26. Qh3 Rf7 27. Rf2 Raf8 28. Raf1 cxb5 29. Bc1 Qc8 30. c6 Qxc6 31. Ba3 a5 32. Bxe7 Rxe7 33. Bxe6+ Rxe6 34. Nf5 b4 35. Nxg7 Rxf2 36. Rxf2 Kxg7 37. Qf3 Qc1+ 38. Rf1 Qf4 39. Qxd5 Qxg4+ 40. Kh2 Qh4+ 1/2-1/2

[Event "Rhein Main op-A 24th"]
[Site "Bad Homburg"]
[Date "2022.06.18"]
[Round "6"]
[White "Chandler, Patrick"]
[Black "Westenthanner, Paul"]
[Result "1-0"]
[WhiteElo "2157"]
[BlackElo "2043"]
[PlyCount "81"]
[EventDate "2022.06.15"]
[EventType "swiss"]
[EventRounds "7"]
[EventCountry "GER"]
[SourceTitle "EXT 2023"]
[Source "ChessBase"]
[SourceDate "2022.10.05"]
[SourceVersion "1"]
[SourceVersionDate "2022.10.05"]
[SourceQuality "1"]

1. Nf3 e6 2. d4 d5 3. c4 a6 4. Nbd2 Nf6 5. e3 Be7 6. Be2 0-0 7. 0-0 dxc4 8. Nxc4 b5 9. Nce5 c5 10. dxc5 Bxc5 11. Qc2 Qe7 12. a4 b4 13. Bd2 Bb7 14. Rfc1 Nbd7 15. a5 Rac8 16. Qd1 Rfd8 17. Nd3 Ne4 18. Qf1 Bd6 19. Be1 g5 20. Nd4 f5 21. f3 Nef6 22. Bf2 Qf7 23. Qe1 Nd5 24. Rxc8 Rxc8 25. e4 fxe4 26. fxe4 Nf4 27. Nxf4 Qxf4 28. g3 Qe5 29. Bg4 Nc5 30. Nf3 Qxb2 31. Bd4 Qc2 32. Rc1 Qd3 33. Qe3 Qxe3+ 34. Bxe3 b3 35. Bd4 h6 36. Nd2 Rc7 37. e5 Bf8 38. Nxb3 Rf7 39. Nxc5 Bd5 40. Bxe6 Bxc5 41. Bxf7+ 1-0

[Event "Heusenstamm Sparkassen op-A 7th"]
[Site "Heusenstamm"]
[Date "2021.11.21"]
[Round "7.22"]
[White "Bluebaum, Johanna"]
[Black "Chandler, Patrick"]
[Result "1-0"]
[WhiteElo "2046"]
[BlackElo "2176"]
[PlyCount "101"]
[EventDate "2021.11.18"]
[EventType "swiss"]
[EventRounds "7"]
[EventCountry "GER"]
[SourceTitle "EXT 2023"]
[Source "ChessBase"]
[SourceDate "2022.10.05"]
[SourceVersion "1"]
[SourceVersionDate "2022.10.05"]
[SourceQuality "1"]

1. d4 Nf6 2. c4 e6 3. Nc3 Bb4 4. e3 c5 5. Bd3 Nc6 6. Nge2 d5 7. cxd5 Nxd5 8. a3 Nxc3 9. Nxc3 Ba5 10. dxc5 Bxc3+ 11. bxc3 0-0 12. Qc2 Qh4 13. 0-0 e5 14. Rb1 f5 15. f4 Qe7 16. Qb3+ Kh8 17. Qb5 Rb8 18. Kh1 Bd7 19. Qb3 Be6 20. Qb5 Bd5 21. c4 Be6 22. Bb2 Rbd8 23. Rbd1 a6 24. Qb3 Qxc5 25. Be2 Qe7 26. fxe5 Rc8 27. Qb6 h6 28. Rd6 Kh7 29. Rfd1 Rf7 30. c5 Re8 31. Bh5 g6 32. Bxg6+ Kxg6 33. Rxe6+ Qxe6 34. Rd6 Kh7 35. Rxe6 Rxe6 36. Qb3 Rfe7 37. Qc2 Nxe5 38. Qxf5+ Kg8 39. h3 Nd7 40. Bd4 Nf8 41. Qg4+ Rg6 42. Qc8 Kf7 43. Qf5+ Ke8 44. Be5 Ree6 45. Bf4 Nd7 46. Qd5 b6 47. Qa8+ Kf7 48. Qb7 Re7 49. Qd5+ Rge6 50. c6 Nf6 51. Qf3 1-0

[Event "Heusenstamm Sparkassen op-A 7th"]
[Site "Heusenstamm"]
[Date "2021.11.20"]
[Round "5.21"]
[White "Chandler, Patrick"]
[Black "Schmidbauer, Frank"]
[Result "1-0"]
[WhiteElo "2176"]
[BlackElo "2044"]
[PlyCount "95"]
[EventDate "2021.11.18"]
[EventType "swiss"]
[EventRounds "7"]
[EventCountry "GER"]
[SourceTitle "EXT 2023"]
[Source "ChessBase"]
[SourceDate "2022.10.05"]
[SourceVersion "1"]
[SourceVersionDate "2022.10.05"]
[SourceQuality "1"]

1. e4 d6 2. d4 Nf6 3. Nc3 e5 4. Nf3 Nbd7 5. Bc4 Be7 6. 0-0 0-0 7. a4 c6 8. a5 Rb8 9. Re1 b5 10. axb6 axb6 11. d5 cxd5 12. Nxd5 Nxd5 13. Bxd5 Nf6 14. Bb3 Bb7 15. Qd3 Ra8 16. Rxa8 Qxa8 17. Nd2 Nd7 18. Bc4 Nc5 19. Qe2 Nxe4 20. Nxe4 d5 21. Ng3 dxc4 22. Bh6 gxh6 23. Qxe5 f6 24. Qxe7 Rf7 25. Qe8+ Qxe8 26. Rxe8+ Kg7 27. Nf5+ Kg6 28. g4 Rd7 29. Rg8+ Kf7 30. Rg7+ Ke6 31. Rxd7 Kxd7 32. Ne3 b5 33. f4 Kd6 34. Kf2 Kc5 35. c3 b4 36. Nc2 bxc3 37. bxc3 Be4 38. Nd4 Bg6 39. Ke3 Kd5 40. f5 Bf7 41. Kf4 h5 42. g5 fxg5+ 43. Kxg5 Ke4 44. Kf6 Bg8 45. Kg7 Bd5 46. f6 Kd3 47. Nb5 Ke3 48. Nc7 1-0

[Event "Heusenstamm Sparkassen op-A 7th"]
[Site "Heusenstamm"]
[Date "2021.11.19"]
[Round "2.22"]
[White "Muedder, Rafael"]
[Black "Chandler, Patrick"]
[Result "1/2-1/2"]
[WhiteElo "1999"]
[BlackElo "2176"]
[PlyCount "136"]
[EventDate "2021.11.18"]
[EventType "swiss"]
[EventRounds "7"]
[EventCountry "GER"]
[SourceTitle "EXT 2023"]
[Source "ChessBase"]
[SourceDate "2022.10.05"]
[SourceVersion "1"]
[SourceVersionDate "2022.10.05"]
[SourceQuality "1"]

1. d4 Nf6 2. c4 e6 3. Nc3 Bb4 4. Qc2 c5 5. dxc5 Bxc5 6. Nf3 Nc6 7. Bf4 d5 8. e3 Qa5 9. 0-0-0 Bb4 10. Nb5 0-0 11. a3 Bd7 12. Kb1 Rac8 13. Bd6 Bxd6 14. Nxd6 Rb8 15. Bd3 a6 16. h3 b5 17. cxb5 axb5 18. Qc5 b4 19. Qxa5 Nxa5 20. axb4 Rxb4 21. Ne5 Ba4 22. Rc1 Rfb8 23. Rc8+ Rxc8 24. Nxc8 Nd7 25. Nxd7 Bxd7 26. Rc1 Kf8 27. Rc7 Bxc8 28. Rxc8+ Ke7 29. Kc2 Rb6 30. Rc7+ Kf6 31. Rc5 Nb7 32. Rc7 Nd6 33. Kc3 h6 34. f3 e5 35. Rc5 Ke6 36. b4 f5 37. b5 g5 38. Kb4 e4 39. fxe4 fxe4 40. Be2 Ke5 41. g4 Rb8 42. Rc6 Nb7 43. Rb6 d4 44. exd4+ Kxd4 45. Rxh6 Rc8 46. Rc6 Rd8 47. Rc7 Nd6 48. Rg7 Ke3 49. Bc4 Kf4 50. Kc5 e3 51. Be2 Ne4+ 52. Kc6 Nc3 53. Rf7+ Ke5 54. Bf3 Rd6+ 55. Kc5 Na4+ 56. Kb4 Nb6 57. Rf5+ Kd4 58. Rxg5 Kd3 59. Re5 Rd4+ 60. Kb3 Nc4 61. Rf5 Nd2+ 62. Ka3 e2 63. Bxe2+ Kxe2 64. b6 Nc4+ 65. Kb4 Nd6+ 66. Kc5 Nxf5 67. gxf5 Rf4 68. b7 Rxf5+ 1/2-1/2

[Event "Heusenstamm Sparkassen op-A 7th"]
[Site "Heusenstamm"]
[Date "2021.11.18"]
[Round "1.27"]
[White "Chandler, Patrick"]
[Black "Eurich, Jannik"]
[Result "1-0"]
[WhiteElo "2176"]
[BlackElo "1907"]
[PlyCount "81"]
[EventDate "2021.11.18"]
[EventType "swiss"]
[EventRounds "7"]
[EventCountry "GER"]
[SourceTitle "EXT 2023"]
[Source "ChessBase"]
[SourceDate "2022.10.05"]
[SourceVersion "1"]
[SourceVersionDate "2022.10.05"]
[SourceQuality "1"]

1. e4 c5 2. Nf3 d6 3. Nc3 Nf6 4. Bc4 e6 5. d4 cxd4 6. Nxd4 a6 7. a4 b6 8. Be3 Be7 9. f3 Bb7 10. Bxe6 fxe6 11. Nxe6 Qc8 12. Nxg7+ Kf7 13. Nf5 Qc6 14. Bd4 Nbd7 15. g4 h6 16. Qd2 Bf8 17. Qf4 Re8 18. 0-0-0 Ne5 19. Nd5 Rc8 20. Bc3 Ng6 21. Qg3 Nxd5 22. exd5 Qc5 23. Rd4 b5 24. Rhd1 Rh7 25. h4 Rc7 26. f4 Bc8 27. Qd3 h5 28. g5 Kg8 29. Ne3 Nxh4 30. f5 Nf3 31. g6 Rhe7 32. f6 Nxd4 33. Bxd4 Qb4 34. f7+ Rxf7 35. gxf7+ Rxf7 36. Qg6+ Bg7 37. Bxg7 Rxg7 38. Qe8+ Kh7 39. Qxh5+ Kg8 40. Qe8+ Kh7 41. Rh1+ 1-0

[Event "Heusenstamm Sparkassen op-A 6th"]
[Site "Heusenstamm"]
[Date "2019.11.23"]
[Round "5"]
[White "Chandler, Patrick"]
[Black "Zweschper, Erich"]
[Result "1-0"]
[WhiteElo "2124"]
[BlackElo "2029"]
[PlyCount "181"]
[EventDate "2019.11.21"]
[EventType "swiss"]
[EventRounds "7"]
[EventCountry "GER"]
[SourceTitle "CBM 194 Extra"]
[Source "ChessBase"]
[SourceDate "2020.03.31"]
[SourceVersion "1"]
[SourceVersionDate "2020.03.31"]
[SourceQuality "1"]

1. b4 e5 2. Bb2 d6 3. e3 Nf6 4. c4 Be7 5. Nc3 c6 6. Nf3 Bf5 7. d3 0-0 8. Be2 h6 9. a3 Nbd7 10. 0-0 Re8 11. Qb3 Bf8 12. Rfd1 Bg4 13. Nd2 Bxe2 14. Nxe2 Qe7 15. Ng3 g6 16. Bc3 h5 17. Nf3 Ng4 18. h3 Ngf6 19. e4 Nh7 20. Bd2 Bg7 21. Re1 Rf8 22. Rad1 Kh8 23. Bc3 Ng5 24. Nh2 Ne6 25. Ne2 c5 26. Qb2 Qg5 27. Nf3 Qe7 28. bxc5 Ndxc5 29. Qc2 Ng5 30. Nxg5 Qxg5 31. Bd2 Qh4 32. Be3 f5 33. f3 Ne6 34. Qd2 Kh7 35. Bf2 Qe7 36. Nc3 b6 37. Nd5 Qf7 38. Be3 f4 39. Bf2 g5 40. Kf1 Rae8 41. Qb4 Rd8 42. a4 g4 43. hxg4 hxg4 44. Ke2 Kg8 45. Rh1 Rd7 46. Kd2 Qg6 47. Rdg1 Kf7 48. Qb5 Rfd8 49. g3 Ng5 50. gxf4 Nxf3+ 51. Kc2 exf4 52. Nxf4 Qf6 53. Nd5 Qg5 54. Be3 Qxe3 55. Nxe3 Nd4+ 56. Kd2 Nxb5 57. axb5 Rh8 58. Rxh8 Bxh8 59. Rxg4 Be5 60. Nf5 Rd8 61. d4 Bf6 62. Kd3 Ke6 63. Rg3 Rh8 64. Rf3 Bg5 65. d5+ Kd7 66. Nd4 Ke8 67. Ne6 Be7 68. Kd4 Rh2 69. Kd3 Rh1 70. Ng7+ Kd8 71. Nf5 Bf8 72. Ng3 Rh8 73. Ne2 Ke8 74. Nd4 Rh1 75. Nf5 Ra1 76. Kd4 Rd1+ 77. Rd3 Re1 78. Re3 Rd1+ 79. Kc3 Ra1 80. e5 Ra3+ 81. Kd4 Rxe3 82. Kxe3 dxe5 83. Ke4 Kd7 84. Kxe5 Ba3 85. Ke4 Bb2 86. Nd4 Kc7 87. Nc6 Kb7 88. Kf5 Ba3 89. Ke6 a5 90. d6 Bc1 91. d7 1-0

[Event "Heusenstamm Sparkassen op-A 6th"]
[Site "Heusenstamm"]
[Date "2019.11.22"]
[Round "3"]
[White "Chandler, Patrick"]
[Black "Barzen, Pascal"]
[Result "1-0"]
[WhiteElo "2124"]
[BlackElo "2312"]
[PlyCount "73"]
[EventDate "2019.11.21"]
[EventType "swiss"]
[EventRounds "7"]
[EventCountry "GER"]
[SourceTitle "CBM 193 Extra"]
[Source "ChessBase"]
[SourceDate "2020.01.31"]
[SourceVersion "1"]
[SourceVersionDate "2020.01.31"]
[SourceQuality "1"]

1. b4 e5 2. Bb2 Bxb4 3. Bxe5 Nf6 4. Nf3 Nc6 5. Bb2 0-0 6. e3 d5 7. a3 Be7 8. c4 Bg4 9. Be2 Re8 10. 0-0 Qd7 11. d4 Rad8 12. Nbd2 Bf8 13. Rc1 dxc4 14. Nxc4 Qd5 15. Nfe5 Nxe5 16. dxe5 Qb5 17. Qc2 Bxe2 18. Qxe2 Ne4 19. Qc2 Nc5 20. Bd4 Ne6 21. Bb2 Qa6 22. a4 Nc5 23. Ra1 Nd3 24. Bd4 Nb4 25. Qb3 Qe6 26. f4 c5 27. Bc3 Rd3 28. e4 Qd7 29. Qb2 Qc6 30. Nd2 Red8 31. f5 Qh6 32. Nc4 Qc6 33. e6 Qxe4 34. exf7+ Kh8 35. Rae1 Qc6 36. Ne5 Qd5 37. Nxd3 1-0

[Event "Hessenliga 1921"]
[Site "Hessen"]
[Date "2019.10.27"]
[Round "2.4"]
[White "Du Maire, Jerome"]
[Black "Chandler, Patrick"]
[Result "1-0"]
[WhiteElo "2103"]
[BlackElo "2095"]
[PlyCount "53"]
[EventDate "2019.09.22"]
[EventType "team-tourn"]
[EventRounds "9"]
[EventCountry "GER"]
[SourceTitle "EXT 2024"]
[Source "ChessBase"]
[SourceDate "2023.10.10"]
[SourceVersion "1"]
[SourceVersionDate "2023.10.10"]
[SourceQuality "1"]
[WhiteTeam "Frankfurt TV"]
[BlackTeam "Nied"]
[WhiteTeamCountry "GER"]
[BlackTeamCountry "GER"]

1. d4 Nf6 2. c4 e6 3. g3 Bb4+ 4. Bd2 Qe7 5. Bg2 d5 6. Nf3 c6 7. 0-0 Nbd7 8. Qc2 Ne4 9. Bxb4 Qxb4 10. Nfd2 Nd6 11. a3 Qa5 12. b4 Qd8 13. e4 Nxc4 14. Nxc4 dxc4 15. Qxc4 Nb6 16. Qc3 0-0 17. Nd2 a5 18. h4 axb4 19. Qxb4 Nd7 20. Nc4 b6 21. e5 c5 22. dxc5 bxc5 23. Qc3 Ra7 24. Rfb1 Ba6 25. Na5 Rc7 26. Nc6 Qe8 27. Qa5 1-0

[Event "Wiesbaden op 31st"]
[Site "Wiesbaden"]
[Date "2019.08.24"]
[Round "5"]
[White "Chandler, Patrick"]
[Black "Rowland, Anthony"]
[Result "1-0"]
[WhiteElo "2087"]
[BlackElo "1776"]
[PlyCount "23"]
[EventDate "2019.08.22"]
[EventType "swiss"]
[EventRounds "7"]
[EventCountry "GER"]
[SourceTitle "EXT 2020"]
[Source "ChessBase"]
[SourceDate "2019.10.17"]
[SourceVersion "1"]
[SourceVersionDate "2019.10.17"]
[SourceQuality "1"]

1. e4 c5 2. Bc4 Nc6 3. Nc3 e6 4. Nf3 g6 5. d4 cxd4 6. Nxd4 Bg7 7. Ndb5 d5 8. exd5 Na5 9. Qe2 Nxc4 10. Qxc4 Be5 11. d6 Bxd6 12. Bf4 1-0

[Event "Main Vogelsberg op 14th"]
[Site "Waechtersbach"]
[Date "2019.06.08"]
[Round "3"]
[White "Chandler, Patrick"]
[Black "Pishanidar, Borzou"]
[Result "1-0"]
[WhiteElo "2044"]
[BlackElo "1765"]
[PlyCount "85"]
[EventDate "2019.06.07"]
[EventType "swiss"]
[EventRounds "7"]
[EventCountry "GER"]
[SourceTitle "CBM 190 Extra"]
[Source "ChessBase"]
[SourceDate "2019.07.15"]
[SourceVersion "1"]
[SourceVersionDate "2019.07.15"]
[SourceQuality "1"]

1. Nf3 d5 2. b4 Nf6 3. Bb2 Bg4 4. e3 e6 5. a3 Bd6 6. c4 0-0 7. c5 Be7 8. Be2 b6 9. d4 c6 10. Nbd2 Nbd7 11. 0-0 Qc7 12. Rc1 b5 13. Nb3 Ne4 14. Ne5 Bxe2 15. Qxe2 f6 16. Nd3 g6 17. Nf4 Ng5 18. h4 e5 19. Nxd5 cxd5 20. hxg5 a6 21. gxf6 Bxf6 22. f4 e4 23. Nd2 Rf7 24. Nb1 Nf8 25. Nc3 Qc6 26. Ra1 Ne6 27. Rfd1 Raf8 28. a4 Nc7 29. axb5 axb5 30. Ra5 Rb8 31. Rda1 Bd8 32. Bc1 Rf5 33. Qa2 Rh5 34. Nxe4 Qe6 35. Ng3 Rh4 36. Qe2 Rh6 37. Qf3 Qf6 38. Bd2 Qh4 39. Be1 Qh2+ 40. Kf1 Bh4 41. Ra7 Rd8 42. Rxc7 Qxg3 43. Qxd5+ 1-0

[Event "Hessen-chA"]
[Site "Frankfurt"]
[Date "2019.05.30"]
[Round "1"]
[White "Chandler, Patrick"]
[Black "Schmitt, Carsten1111"]
[Result "0-1"]
[WhiteElo "2095"]
[BlackElo "1912"]
[PlyCount "82"]
[EventDate "2019.05.30"]
[EventType "swiss"]
[EventRounds "7"]
[EventCountry "GER"]
[SourceTitle "EXT 2020"]
[Source "ChessBase"]
[SourceDate "2019.10.17"]
[SourceVersion "1"]
[SourceVersionDate "2019.10.17"]
[SourceQuality "1"]

1. Nf3 d5 2. b4 Nf6 3. Bb2 Bg4 4. Ne5 Bf5 5. e3 Nbd7 6. c4 c6 7. a3 e6 8. Nf3 Bd6 9. c5 Bc7 10. Be2 e5 11. d4 e4 12. Nfd2 Qe7 13. Nc3 h5 14. Nb3 Ng4 15. Qd2 Qh4 16. Nd1 Ndf6 17. h3 Rh6 18. Rg1 Nh2 19. Nc3 Rg6 20. 0-0-0 Qxf2 21. Bxh5 Qxd2+ 22. Nxd2 Nxh5 23. g4 Nxg4 24. hxg4 Rxg4 25. Rh1 g6 26. Rdf1 Be6 27. Rf2 Ke7 28. Kc2 Ng3 29. Rh7 Nf5 30. Nf1 Rg1 31. Bc1 g5 32. Ne2 Rg4 33. Bd2 Rg8 34. Be1 Rh4 35. Rxh4 Nxh4 36. Ng1 g4 37. Nd2 g3 38. Rf1 Bg4 39. a4 Ng2 40. Bxg3 Nxe3+ 41. Kc3 Bxg3 0-1